İknanın psikolojisi : (Record no. 13424)

MARC details
000 -BAŞLIK
Sabit Uzunlukta Kontrol Alanı 00716nam a22002297a 4500
999 ## - SİSTEM KONTROL NUMARALARI (KOHA)
Koha Biblionumber 13424
Koha Biblioitemnumber 13424
003 - KONTROL NUMARASI IDENTIFIER
Denetim Alanı MIRAKIL
005 - SON İŞLEM TARİHİ VE ZAMANI
Denetim Alanı 20190722162115.0
008 - SABİT-BOY VERİ ELEMANLARI - GENEL BİLGİLER
Sabit Uzunlukta Kontrol Alanı 190722b tu ||||| |||| 00| 0 tur d
020 ## - ULUSLARARASI STANDART KİTAP NUMARASI
Uluslararası Standart Kitap Numarası 9789944383646
040 ## - KATALOGLAMA KAYNAK
Orijinal Kataloglama Ajansı TR-AnCHP
Metne Dönüştürmek Ajansı TR-AnCHP
041 ## - DİL KODU
Metin / Ses Parça Veya Ayrı Başlığın Dil Kodu tur
082 ## - DEWEY ONLU SINIFLANDIRMA NUMARASI
Sınıflandırma Numarası 153.852
Ürün Numarası C52i 2016
100 ## - ANA GİRİŞ - KİŞİSEL İSİM
Kişisel Ad Cialdini, Robert B.
245 10 - BAŞLIK TABLOSU
Başlık İknanın psikolojisi :
Başlığın Kalan teori ve pratik bir arada /
Sorumluluk Tablosu, Vb Robert B. Cialdini; çeviri Yasemin Fletcher.
260 ## - YAYIN, DAĞITIM, VB
Yayın, Dağıtım, Vb Yeri İstanbul:
Yayıncı, Dağıtıcı, Vs Adı Medicat Kitaplar,
Yayın, Dağıtım, Vb Tarihi 2016.
Üretici Firma Vizyon basım.
300 ## - FİZİKSEL TANIM
Kapsam 383 s.:
Diğer Fiziksel Ayrıntıları fotg.;
Boyutlar 21 sm.
504 ## - KAYNAKÇA VB NOT
Kaynakça Vb Notu Kaynakça vardır.
650 #0 - KONU KATMA GİRİŞ - TOPİKAL DÖNEM
9 (RLIN) 29
Topikal Süreli Veya Coğrafi Ad Giriş Elemanı Psikoloji
650 #0 - KONU KATMA GİRİŞ - TOPİKAL DÖNEM
9 (RLIN) 5899
Topikal Süreli Veya Coğrafi Ad Giriş Elemanı İkna (Psikoloji)
700 ## - KATMA GİRİŞ - KİŞİSEL İSİM
9 (RLIN) 5900
Kişisel Ad Fletcher, Yasemin
Relator Terim çev.
942 ## - EKLENDİ GİRİŞ ELEMANLARI (KOHA)
Sınıflandırma Veya Raf Düzeni Kaynak Dewey Decimal Classification
Koha Öğesi Türü Books
Holdings
Kalıcı Konum Mevcut Konum Edinme Tarihi Toplam Check-Out'Lar Tam Çağrı Numarası Barkod Tarih Son Görülme İtibaren Geçerli Fiyatlar Koha Öğesi Türü
CHP Kütüphanesi CHP Kütüphanesi 07/22/2019   153.852 C52i 2016 019288 07/22/2019 07/22/2019 Books